01115nam a2200193Ia 4500001001100000003001000011008004100021040002500062041001300087100001900100245003900119250001100158260006300169300002700232500026400259501011400523520026400637650002000901L301-23216IT-CnALBA170116s9999||||xx |||||||||||||| ||und|| aIT-CnALBAcIT-CnALBA aITALIANO aFEROLDI FRANCO 0aELEMENTI DI SOCIOLOGIA CRISTIANA.  a2a ed. aROMAbAVE, ANONIMA VERITA'S EDITRICEc1944 [1° Ed.: n.d.] a102 p. (prefazione: 5) aCATTOLICESIMO E QUESTIONE SOCIALE. UOMO E SOCIETÀ. EDUCAZIONE FAMILIARE. ECONOMIA. AUTORITÀ E STATO. CHIESA E STATO. LAVORO, TERRA, CAPITALE. FATTORI DI PRODUZIONE. PROFITTO E GIUSTO PREZZO. GIUSTO SALARIO PROBLEMA OPERAIO CLASSI SOCIALI. SISTEMI SOCIALI  aSocietà San Paolo EM - Piazza San Paolo, 14 - 12051 ALBA (CN) (non commercial uses only) ® Copyright 2017 aCATTOLICESIMO E QUESTIONE SOCIALE. UOMO E SOCIETÀ. EDUCAZIONE FAMILIARE. ECONOMIA. AUTORITÀ E STATO. CHIESA E STATO. LAVORO, TERRA, CAPITALE. FATTORI DI PRODUZIONE. PROFITTO E GIUSTO PREZZO. GIUSTO SALARIO PROBLEMA OPERAIO CLASSI SOCIALI. SISTEMI SOCIALI  aSCIENZE SOCIALI